000 00547nam a2200217Ia 4500
003 OSt
005 20221007074143.0
006 a|||||r|||| 00| 0
007 ta
008 221006b |||||||| |||| 00| 0 eng d
024 _a22,099
037 _cTextual
040 _aFLL
_cFLL
_beng
041 _2eng
_aeng
082 _aZ21:881qm:1, A
245 0 _aCircular orders
260 _aMadras
_bMessrs. Pharoah And Co. India
_c1856
300 _a321p
_ccm.
942 _hZ21:881qm:1, A
_cTEXL
_2CC
999 _c1151354
_d1151354